000
00324 a2200157 4500
001
64081
020
_a
9788581050164
040
_c
Anchieta - Pituba
100
_a
Ruiz Zafón, Carlos
240
1
0
_a
Marina
_l
por
245
1
0
_a
Marina
300
_a
189p.
362
0
_a
2011
650
4
_a
Ficção espanhola
942
_c
BK
999
_c
64081
_d
64081